[Event "Porto Sant Elpidio op-B 10th"]
[Site "Porto Sant Elpidio"]
[Date "2007.11.25"]
[Round "3"]
[White "Sagripanti, Michele"]
[Black "Piccioli, Lorenzo"]
[Result "0-1"]
[WhiteElo "1614"]
[BlackElo "1503"]
[PlyCount "114"]
[EventDate "2007.11.24"]
[EventType "swiss"]
[EventRounds "6"]
[EventCountry "ITA"]
[SourceTitle "EXT 2010"]
[Source "ChessBase"]
[SourceDate "2010.11.25"]
[SourceVersion "1"]
[SourceVersionDate "2010.11.25"]
[SourceQuality "1"]

1. e4 g6 2. d4 Bg7 3. Nf3 e6 4. Be3 d6 5. c4 b6 6. Nc3 Bb7 7. Qd2 h6 8. Be2 Nd7 9. d5 e5 10. a4 a5 11. Nb5 Ngf6 12. Bd3 Ng4 13. 0-0 Nxe3 14. Qxe3 Nc5 15. Bc2 Qd7 16. Nd2 Na6 17. Rad1 Nb4 18. Bb1 Ba6 19. Rc1 0-0 20. b3 f5 21. Qh3 Bc8 22. exf5 gxf5 23. Nf3 Na6 24. Nh4 f4 25. Qd3 Rf6 26. h3 Kf8 27. Nc3 Nc5 28. Qe2 Qf7 29. Ne4 Nxe4 30. Qxe4 Qh5 31. Ng6+ Kf7 32. Qf3 Qxf3 33. gxf3 Rxg6+ 34. Bxg6+ Kxg6 35. Kh2 Kf7 36. Rg1 Bf6 37. Rg2 Bf5 38. Rcg1 Bc2 39. h4 Bxb3 40. Rg6 Rh8 41. Kh3 Bxc4 42. R6g2 Bxd5 43. Rc1 c6 44. Rb1 Bxf3 45. Rgg1 Bd8 46. Rbc1 Rg8 47. Rxg8 Kxg8 48. Rc3 Bd5 49. Kg4 Kg7 50. Rc1 b5 51. axb5 cxb5 52. Rd1 Be6+ 53. Kf3 Be7 54. Ke4 a4 55. Rg1+ Kf7 56. Rb1 Bb3 57. Kd3 Bxh4 0-1